Gaming Quiz

Random Gaming or Country Quiz

Donkey Kong Country Stages Quiz Stats

 Plays Quiz not verified by Sporcle

Challenge
Share
Tweet
Embed
Score 0/143 Timer 15:00
0 Plays Today
% Correct
Jungle Hijinxs
91.2%
Winky's Walkway
82.4%
Stop & Go Station
82.4%
Vulture Culture
80.9%
Gangplank Galleon
80.9%
Coral Capers
79.4%
Barrel Cannon Canyon
79.4%
Very Gnawty's Lair
79.4%
Ice Age Alley
79.4%
Reptile Rumble
77.9%
Mine Cart Carnage
77.9%
Orang-Utan Gang
77.9%
Mine Cart Madness
77.9%
Ropey Rampage
76.5%
Necky's Nuts
76.5%
Tree Top Town
76.5%
Temple Tempest
76.5%
Poison Pond
76.5%
Oil Drum Alley
75%
Elevator Antics
75%
Blackout Basement
75%
Lockjaw's Locker
75%
Slime Climb
75%
Bramble Blast
75%
Haunted Hall
75%
Parrot Chute Panic
75%
Chain Link Chamber
75%
Bouncy Bonanza
73.5%
Snow Barrel Blast
73.5%
Boss Dumb Drum
73.5%
Pirate Panic
73.5%
Topsail Trouble
73.5%
Squawks's Shaft
73.5%
Glimmer's Galleon
73.5%
Bramble Scramble
73.5%
Web Woods
73.5%
Castle Crush
73.5%
Toxic Tower
73.5%
Creepy Castle
73.5%
Millstone Mayhem
72.1%
Clam City
72.1%
Bumble B Rumble
72.1%
Slip Slide Ride
72.1%
Misty Mine
72.1%
Platform Perils
72.1%
Krow's Nest
72.1%
Hot Head Hop
72.1%
Lava Lagoon
72.1%
% Correct
Kleaver's Kiln
72.1%
Rambi Rumble
72.1%
King Zing Sting
72.1%
Windy Well
72.1%
Animal Antics
72.1%
Jungle Japes
72.1%
Angry Aztec
72.1%
Gloomy Galleon
72.1%
Fungi Forest
72.1%
Forest Frenzy
70.6%
Croctopus Chase
70.6%
Torchlight Trouble
70.6%
Mainbrace Mayhem
70.6%
Kannon's Klaim
70.6%
Red Hot Ride
70.6%
Kudgel's Kontest
70.6%
Hornet Hole
70.6%
Target Terror
70.6%
Rickety Race
70.6%
Gusty Glade
70.6%
Clapper's Cavern
70.6%
Screech's Sprint
70.6%
Jungle Jinx
70.6%
Frantic Factory
70.6%
Crystal Caves
70.6%
Loopy Lights
69.1%
Necky's Revenge
69.1%
Rattle Battle
69.1%
Mudhole Marsh
69.1%
Kreepy Krow
69.1%
Arctic Abyss
69.1%
Hideout Helm
69.1%
Rope Bridge Rumble
67.6%
Trick Track Trek
67.6%
Manic Mincers
67.6%
Gangplank Galley
67.6%
Barrel Bayou
67.6%
Ghostly Grove
67.6%
K. Rool Duel
67.6%
Fiery Furnace
67.6%
Krocodile Kore
67.6%
Murky Mill
67.6%
Belcha's Barn
67.6%
Tanked Up Trouble
66.2%
Klobber Karnage
66.2%
Squeals on Wheels
66.2%
Krockhead Klamber
64.7%
Lakeside Limbo
64.7%
% Correct
Barrel Shield Bust Up
64.7%
River Side Race
64.7%
Skidda's Row
63.2%
Arich's Ambush
61.8%
Poisonous Pipeline
61.8%
Really Gnawty's Revenge
60.3%
Fish Food Frenzy
60.3%
Low G Labyrinth
60.3%
Kong-Fused Cliffs
60.3%
Doorstop Dash
58.8%
Springin' Spiders
58.8%
Lemguin Lunge
58.8%
Bleak's House
58.8%
Koindozer Klamber
58.8%
Knautilus
58.8%
Rocket Barrel Ride
57.4%
Squirt's Showdown
57.4%
Ripsaw Rage
57.4%
Krack Shot Kroc
57.4%
Stronghold Showdown
55.9%
Bobbing Barrel Brawl
55.9%
Swoopy Salvo
55.9%
Bazza's Blockade
54.4%
Tracker Barrel Trek
54.4%
Demolition Drain Pipe
54.4%
Tearaway Toboggan
54.4%
Barbos's Barrier
54.4%
Lightning Lookout
54.4%
Tyrant Twin Tussle
54.4%
Tidal Trouble
52.9%
Kreeping Klasps
52.9%
Kaos Karnage
52.9%
Blazing Bazukas
51.5%
Pot Hole Panic
51.5%
Stampede Sprint
51.5%
Black Ice Blitz
48.5%
Fire Ball Frenzy
48.5%
Konveyor Rope Klash
45.6%
Creepy Caverns
42.6%
Barrel Drop Bounce
41.2%
Kastle Kaos
41.2%
Rocket Rush
38.2%
Buzzer Barrage
36.8%
Ropey Rumpus
35.3%
Floodlit Fish
29.4%
Krevice Kreepers
19.1%
Criss Kross Cliffs
16.2%

You're not logged in!

Compare scores with friends on all Sporcle quizzes.
OR
Log In

You Might Also Like...

Show Comments

Extras

Top Quizzes Today


Score Distribution

Your Account Isn't Verified!

In order to create a playlist on Sporcle, you need to verify the email address you used during registration. Go to your Sporcle Settings to finish the process.

Report this User

Report this user for behavior that violates our Community Guidelines.

Details: